No Game No Life- Les 16 races/Exceed du Disboard - Statistiques

Statistiques générales
  • Ce quiz a été pris 19 fois
  • Le résultat moyen est 6 sur 16
Statistiques - réponses
Classement Race % Correct
7 Elf
86%
6 Flugel
79%
16 Immanity
79%
1 Old Deus
64%
10 Ex Machina
29%
2 Phantasma
29%
15 Seiren
29%
11 Demonia
21%
12 Dhampir
21%
8 Dwarf
21%
3 Elemental
21%
9 Fairy
21%
5 Gigant
21%
13 Lunamana
21%
14 Werebeast
21%
4 Dragonia
14%
Aucun quiz correspondant
Distribution des résultats
% des personnes avec chaque résultat
Percentile par nombre de réponses
Votre historique - résultats
Vous n’avez pas pris ce quiz